[Event "Frankfurt Ch A 2017"]
[Site "Ffm-Höchst, BiKuZ"]
[Date "2017.05.02"]
[Round "2.41"]
[White "Kautz, Thomas"]
[Black "Imelmann, Esther"]
[Result "1-0"]
[WhiteElo "1760"]
[BlackElo "1597"]
[PlyCount "89"]
[EventDate "2017.??.??"]
[WhiteTeam "SK Niederbrechen"]
[BlackTeam "Vorw.Orient Mainz"]

1. d4 d5 2. Nf3 Nf6 3. c4 c6 4. Nc3 e6 5. e3 Nbd7 6. Bd3 dxc4 7. Bxc4 b5 8. Bd3
a6 9. O-O c5 10. b3 cxd4 11. Nxd4 Bb7 12. Bb2 Bd6 13. Nf3 Qe7 14. Rc1 O-O 15.
Ng5 h6 16. Nge4 Be5 17. Qe2 Nxe4 18. Nxe4 Bxh2+ 19. Kxh2 Qh4+ 20. Kg1 Bxe4 21.
Bxe4 Qxe4 22. Rfd1 Nb6 23. Rd4 Qh7 24. Rg4 f6 25. Rc6 Qb1+ 26. Kh2 Rac8 27.
Rxc8 Nxc8 28. e4 Qxa2 29. Rxg7+ Kxg7 30. Bxf6+ Rxf6 31. Qxa2 e5 32. f3 Ne7 33.
Qf2 Nc6 34. Qc5 Rg6 35. Qd5 Kf8 36. Qd7 Nd4 37. Qh7 Re6 38. Qh8+ Ke7 39. f4
Nxb3 40. f5 Rc6 41. Qxe5+ Kf8 42. Qd5 Rc4 43. f6 Rd4 44. Qe6 Rxe4 45. Qxe4 1-0

[Event "Frankfurt Ch A 2017"]
[Site "Ffm-Höchst, BiKuZ"]
[Date "2017.05.02"]
[Round "2.42"]
[White "Lehmann, Gerit"]
[Black "Wolff, Juergen"]
[Result "0-1"]
[WhiteElo "1568"]
[BlackElo "1752"]
[PlyCount "58"]
[EventDate "2017.??.??"]
[WhiteTeam "SF Frankfurt"]
[BlackTeam "SC Somborn"]

1. d4 Nf6 2. c4 g6 3. Nc3 Bg7 4. Nf3 d6 5. Bf4 O-O 6. e3 c5 7. h3 Nbd7 8. Be2
b6 9. O-O Bb7 10. Bh2 Rc8 11. a4 cxd4 12. exd4 Bxf3 13. Bxf3 Rxc4 14. Be2 Rb4
15. Qd2 a5 16. Rfd1 Qb8 17. Bb5 e5 18. dxe5 dxe5 19. Nd5 Nxd5 20. Qxd5 Nc5 21.
Qd2 Nb3 22. Qe2 Nxa1 23. Rxa1 Qd6 24. Re1 f6 25. Qc2 Rd4 26. b3 Rd8 27. Be2 Rd2
28. Qc4+ Kh8 29. Qf7 Rxe2 0-1

[Event "Frankfurt Ch A 2017"]
[Site "Ffm-Höchst, BiKuZ"]
[Date "2017.05.02"]
[Round "2.43"]
[White "Diehl, Stefan"]
[Black "Hagel, Stephan"]
[Result "1-0"]
[WhiteElo "1749"]
[BlackElo "1570"]
[PlyCount "41"]
[EventDate "2017.??.??"]
[WhiteTeam "SC Höchst"]
[BlackTeam "SK Hungen"]

1. f4 e5 2. fxe5 d6 3. exd6 Bxd6 4. Nf3 Nf6 5. d4 Bg4 6. Qd3 O-O 7. Bg5 Nc6 8.
c3 Re8 9. Nbd2 h6 10. Bxf6 Qxf6 11. e4 Rad8 12. Be2 Bxf3 13. Bxf3 Qh4+ 14. g3
Bxg3+ 15. hxg3 Qxg3+ 16. Ke2 Ne5 17. Qe3 Ng6 18. Rag1 Nf4+ 19. Kd1 Nd5 20. exd5
Rxe3 21. Rxg3 1-0

[Event "Frankfurt Ch A 2017"]
[Site "Ffm-Höchst, BiKuZ"]
[Date "2017.05.02"]
[Round "2.44"]
[White "Richter, Wolfram"]
[Black "Benikhis, Avram"]
[Result "0-1"]
[WhiteElo "1531"]
[BlackElo "1743"]
[PlyCount "84"]
[EventDate "2017.??.??"]
[WhiteTeam "SK Bad Sooden-Allendorf"]
[BlackTeam "SC Eschbach"]

1. Nf3 d5 2. g3 Nf6 3. Bg2 h6 4. c4 dxc4 5. Na3 c6 6. Nxc4 Be6 7. Nce5 Nbd7 8.
d3 Nxe5 9. Bd2 Nxf3+ 10. Bxf3 Bh3 11. Qa4 e5 12. O-O-O Bd7 13. Kb1 c5 14. Qc4
Bc6 15. Bxc6+ bxc6 16. Qa4 Qb6 17. Rc1 Bd6 18. Rc4 Qb5 19. Qc2 O-O 20. g4 Nd5
21. g5 h5 22. Rc1 g6 23. e3 Rfe8 24. Qd1 Nb6 25. R4c3 e4 26. d4 c4 27. R3c2 a5
28. f3 Qxg5 29. f4 Qf5 30. Be1 a4 31. a3 Qh3 32. Bd2 Red8 33. Qg1 Kh7 34. Rf1
Qg4 35. Qf2 Be7 36. Be1 Qe6 37. Qg1 f5 38. Rg2 Rg8 39. Bc3 Nd5 40. Bd2 Rab8 41.
Ka1 Rb3 42. Rc1 Rgb8 0-1

[Event "Frankfurt Ch A 2017"]
[Site "Ffm-Höchst, BiKuZ"]
[Date "2017.05.02"]
[Round "2.45"]
[White "Illenberger, Dirk"]
[Black "Lopez, Victor"]
[Result "1-0"]
[WhiteElo "1737"]
[BlackElo "1526"]
[PlyCount "85"]
[EventDate "2017.??.??"]
[WhiteTeam "Berkershm"]
[BlackTeam "SC Höchst"]

1. e4 c6 2. d4 d5 3. exd5 cxd5 4. Bd3 Nc6 5. c3 g6 6. Bf4 Nf6 7. Nf3 Bf5 8.
Bxf5 gxf5 9. Qb3 Qd7 10. Ne5 Nxe5 11. Bxe5 Bg7 12. O-O Nh5 13. Re1 Rg8 14. Qd1
Bxe5 15. Qxh5 Bf6 16. Nd2 O-O-O 17. Qxf7 Kb8 18. a4 Qd6 19. Qe6 Qf4 20. Qe3 Qh4
21. Qf3 Rg5 22. a5 f4 23. Nf1 Rdg8 24. g3 Qh3 25. Qxf4+ Ka8 26. a6 bxa6 27.
Rxa6 Qd7 28. Rea1 Rb8 29. R1a2 Rb7 30. Ne3 Rh5 31. Qg4 Qe8 32. Qe6 Qd8 33. b4
Rh6 34. Qxd5 Qxd5 35. Nxd5 Bg5 36. f4 Bf6 37. Re2 Rg6 38. Nxf6 exf6 39. Re8+
Rb8 40. Rxb8+ Kxb8 41. f5 Rh6 42. d5 Kb7 43. b5 1-0

[Event "Frankfurt Ch A 2017"]
[Site "Ffm-Höchst, BiKuZ"]
[Date "2017.05.02"]
[Round "2.46"]
[White "Krischak, Werner"]
[Black "Breitbach, Stephan"]
[Result "1/2-1/2"]
[WhiteElo "1719"]
[BlackElo "1503"]
[Annotator "Schloessner,Henrik"]
[PlyCount "53"]
[EventDate "2017.??.??"]
[WhiteTeam "SK Marburg"]
[BlackTeam "SC Landskrone"]

1. d4 d5 2. c4 c6 3. Nf3 Nf6 4. Nc3 e6 5. e3 b6 6. Bd3 Bd6 7. O-O O-O 8. e4
dxe4 9. Nxe4 Nxe4 10. Bxe4 Bb7 11. Ng5 g6 12. d5 exd5 13. cxd5 Qc7 14. f4 h6
15. Bxg6 hxg5 16. Qh5 fxg6 17. Qxg6+ Kh8 18. Be3 Bc5 19. Bxc5 bxc5 20. Rf3 Qg7
21. Rh3+ Kg8 22. Qe6+ Qf7 23. Qh6 Qg7 24. Qe6+ Qf7 25. Qh6 Qg7 26. Qe6+ Qf7 (
26... Rf7 27. fxg5 Bc8 (27... Kf8 28. g6 Re7 29. Qd6 Qd4+ 30. Kh1 Ke8 31. Rh7
Qe5 32. Qxe5 Rxe5 33. g7 Kf7 34. Rf1+ Kg8 35. Rf8+ Kxh7 36. g8=Q+ Kh6 37. Rf6+
Kh5 38. Qg6+ Kh4 39. Rf4#) 28. Qxc8+ Rf8 29. Qe6+ Qf7 30. Qe2 Nd7 31. g6 $18)
27. Qh6 {[%mdl 65]} 1/2-1/2

[Event "Frankfurt Ch A 2017"]
[Site "Ffm-Höchst, BiKuZ"]
[Date "2017.05.02"]
[Round "2.47"]
[White "Moritz, Dennis"]
[Black "Schmieder, Stefan"]
[Result "0-1"]
[WhiteElo "1526"]
[BlackElo "1709"]
[PlyCount "72"]
[EventDate "2017.??.??"]
[WhiteTeam "SK Hungen"]
[BlackTeam "SC Bad Soden"]

1. d4 d5 2. c4 e6 3. Nc3 Nf6 4. cxd5 exd5 5. Bg5 Be7 6. e3 c6 7. Bd3 Nbd7 8.
Nge2 O-O 9. Qc2 Re8 10. O-O h6 11. Bh4 Ne4 12. Bg3 Nxg3 13. Nxg3 Nf6 14. a3 Be6
15. b4 a6 16. Nge2 Bd6 17. f3 Qc7 18. e4 dxe4 19. fxe4 Bxh2+ 20. Kh1 Ng4 21.
Rf3 Rad8 22. e5 Qe7 23. Ne4 Bd5 24. Bc4 Qh4 25. Rh3 Qxh3 26. gxh3 Bxe4+ 27.
Qxe4 Nf2+ 28. Kxh2 Nxe4 29. Rf1 Ng5 30. Rd1 Rxe5 31. h4 Ne6 32. Rf1 Re4 33. Kg3
Re3+ 34. Kg2 Rxa3 35. Bxe6 fxe6 36. Nf4 Rf8 0-1

[Event "Frankfurt Ch A 2017"]
[Site "Ffm-Höchst, BiKuZ"]
[Date "2017.05.02"]
[Round "2.48"]
[White "Merten, Rainer"]
[Black "Friedel, Thomas"]
[Result "1-0"]
[WhiteElo "1709"]
[BlackElo "1481"]
[PlyCount "105"]
[EventDate "2017.??.??"]
[WhiteTeam "SV Frankfurt Nord"]
[BlackTeam "SV Groß-Gerau"]

1. d4 d5 2. Nf3 Nf6 3. e3 c6 4. Be2 Bf5 5. O-O Nbd7 6. Nbd2 e6 7. c4 h6 8. a3
a5 9. b3 Bd6 10. Bb2 Qc7 11. c5 Be7 12. Rc1 O-O 13. Ne5 Nxe5 14. dxe5 Nd7 15.
f4 Bxc5 16. Rf3 Qb6 17. Nf1 Rfd8 18. Bd4 Bxd4 19. exd4 Bg4 20. Rg3 Bxe2 21.
Qxe2 Qxd4+ 22. Ne3 Qxf4 23. Rf1 Qxe5 24. Qf3 Rf8 25. Ng4 Qd4+ 26. Kh1 Kh8 27.
Rh3 Kh7 28. Qg3 f5 29. Nf2 Rf6 30. Rh4 Qe5 31. Qf3 Rg6 32. Nh3 Qf6 33. Qf2 Rg4
34. Rxg4 fxg4 35. Qe2 Qe5 36. Qxg4 Rf8 37. Rd1 Nf6 38. Qh4 Qe4 39. Ng5+ Kg8 40.
Nxe4 Nxe4 41. Kg1 Nf6 42. Qh3 Re8 43. Qc3 Ra8 44. Re1 Ne4 45. Qe5 Nc5 46. Re3
Rd8 47. Rg3 Rd7 48. Rc3 Ne4 49. Qxe6+ Rf7 50. Rf3 Nf6 51. h3 Kf8 52. Qc8+ Ke7
53. Qxb7+ 1-0

[Event "Frankfurt Ch A 2017"]
[Site "Ffm-Höchst, BiKuZ"]
[Date "2017.05.02"]
[Round "2.49"]
[White "Neuhaus, Joachim"]
[Black "Midanka, Vladimir Josef"]
[Result "0-1"]
[WhiteElo "1520"]
[BlackElo "1705"]
[PlyCount "92"]
[EventDate "2017.??.??"]
[WhiteTeam "SC Somborn"]
[BlackTeam "SC Brett vorm Kopp"]

1. e4 c5 2. c3 Nc6 3. d4 e6 4. d5 Ne5 5. Bf4 Ng6 6. Bg3 e5 7. Nf3 d6 8. Bb5+
Bd7 9. Qa4 h6 10. Nbd2 Nf6 11. O-O Be7 12. Rfe1 O-O 13. a3 a6 14. Bxd7 Nxd7 15.
b4 b5 16. Qc2 c4 17. a4 Nb6 18. a5 Na4 19. Nb1 Qd7 20. Nfd2 h5 21. f3 h4 22.
Bf2 Nf4 23. Nxc4 bxc4 24. Qxa4 Qb7 25. Nd2 Rfc8 26. Qa2 Qb5 27. Qa4 Qb7 28.
Rab1 Nd3 29. Re3 Bg5 30. Nxc4 Nxf2 31. Nxd6 Qa7 32. Nxc8 Rxc8 33. Re2 Nxe4+ 34.
Kf1 Nd2+ 35. Rxd2 Bxd2 36. Qc2 Bxc3 37. Qd3 Bd4 38. b5 axb5 39. Qxb5 Bg1 40.
Qe2 Bxh2 41. Ke1 Qxa5+ 42. Qd2 Bg3+ 43. Ke2 Qa6+ 44. Qd3 Rc2+ 45. Ke3 Bf4+ 46.
Ke4 Qg6# 0-1

[Event "Frankfurt Ch A 2017"]
[Site "Ffm-Höchst, BiKuZ"]
[Date "2017.05.02"]
[Round "2.50"]
[White "Stoll, Ulrich"]
[Black "Bernhardt, Winfried"]
[Result "1-0"]
[WhiteElo "1704"]
[BlackElo "1458"]
[PlyCount "61"]
[EventDate "2017.??.??"]
[WhiteTeam "Bad Vilbeler Sfr"]
[BlackTeam "SV Nauheim"]

1. e4 e5 2. f4 exf4 3. Nf3 d6 4. Bc4 Be7 5. O-O h6 6. d4 g5 7. Nc3 c6 8. d5 c5
9. e5 Bg4 10. Qe1 a6 11. exd6 Qxd6 12. Ne4 Qd8 13. d6 b5 14. dxe7 Nxe7 15. Nf6+
Kf8 16. Nxg4 bxc4 17. Qe5 Rh7 18. Qe4 f5 19. Qxa8 Nec6 20. Nge5 Nxe5 21. Nxe5
Qd4+ 22. Kh1 Qxe5 23. Bd2 Kf7 24. Bc3 Qc7 25. Qd5+ Kg6 26. Qe6+ Kh5 27. Qxf5
Rf7 28. g4+ fxg3 29. Qxf7+ Qxf7 30. Rxf7 gxh2 31. Rc7 1-0

[Event "Frankfurt Ch A 2017"]
[Site "Ffm-Höchst, BiKuZ"]
[Date "2017.05.02"]
[Round "2.51"]
[White "Henrich, Frederik"]
[Black "Ketting, Douwe"]
[Result "1/2-1/2"]
[WhiteElo "1693"]
[BlackElo "1452"]
[PlyCount "53"]
[EventDate "2017.??.??"]
[WhiteTeam "SV Hofheim"]
[BlackTeam "SC Somborn"]

1. e4 d6 2. d4 Nf6 3. Nc3 g6 4. Be3 Bg7 5. f3 O-O 6. Qd2 Nbd7 7. Bh6 c5 8. Bxg7
Kxg7 9. Nge2 Qc7 10. O-O-O a6 11. g4 cxd4 12. Nxd4 h6 13. g5 hxg5 14. Qxg5 Ne5
15. Rg1 e6 16. f4 Nc6 17. Nf3 Rh8 18. Be2 Rh5 19. Qg3 d5 20. e5 Ne4 21. Nxe4
dxe4 22. Nd4 Rh6 23. Qg5 Qe7 24. Qxe7 Nxe7 25. Rg2 Nd5 26. Nb3 Ne3 27. Rf2
1/2-1/2

[Event "Frankfurt Ch A 2017"]
[Site "Ffm-Höchst, BiKuZ"]
[Date "2017.05.02"]
[Round "2.52"]
[White "Wich, Manuela"]
[Black "Leichum, Engelbert"]
[Result "1-0"]
[WhiteElo "1494"]
[BlackElo "1688"]
[PlyCount "61"]
[EventDate "2017.??.??"]
[WhiteTeam "Niederräder TG"]
[BlackTeam "vereinslos"]

1. e4 d5 2. exd5 Nf6 3. Nf3 Nxd5 4. c4 Nf6 5. d4 Bg4 6. Be2 e6 7. O-O Nc6 8.
Be3 Ne7 9. Ne5 Bxe2 10. Qxe2 Nf5 11. Rd1 c5 12. d5 Qc7 13. f4 Bd6 14. dxe6 fxe6
15. Nd3 O-O 16. Nc3 a6 17. Bf2 Rae8 18. Rf1 b6 19. Qf3 e5 20. fxe5 Bxe5 21.
Nxe5 Rxe5 22. Bg3 Nxg3 23. Qxg3 Qe7 24. Rad1 Rc8 25. Qd3 Qb7 26. Nd5 Nxd5 27.
cxd5 Rg5 28. Qc4 Kh8 29. Qf4 Qe7 30. d6 Qe3+ 31. Qxe3 1-0

[Event "Frankfurt Ch A 2017"]
[Site "Ffm-Höchst, BiKuZ"]
[Date "2017.05.02"]
[Round "2.53"]
[White "Urbach, Jens"]
[Black "Adair, Robin"]
[Result "0-1"]
[WhiteElo "1407"]
[BlackElo "1685"]
[PlyCount "90"]
[EventDate "2017.??.??"]
[WhiteTeam "SF Frankfurt"]
[BlackTeam "SC Nidderau"]

1. e4 c5 2. c3 Nf6 3. e5 Nd5 4. d4 cxd4 5. cxd4 Nc6 6. Nf3 d6 7. exd6 Qxd6 8.
Be2 Qg6 9. Nc3 Ndb4 10. O-O e6 11. a3 Nd5 12. Nxd5 exd5 13. Re1 Be7 14. Bd3 Qd6
15. Bd2 Bg4 16. Bc3 O-O 17. h3 Bh5 18. Be2 Rae8 19. b4 a6 20. Qc2 Qf4 21. Qd1
Bd6 22. Bd2 Qf6 23. Bg5 Qf5 24. Be3 h6 25. Nh4 Qf6 26. Bxh5 Qxh4 27. Bf3 Ne7
28. Qb3 Rd8 29. Qd3 Rfe8 30. Re2 Bb8 31. Rae1 Ng6 32. Bd2 Rxe2 33. Rxe2 Qf6 34.
g3 Ba7 35. Bc3 Nf8 36. Re5 Qc6 37. Bb2 Bb6 38. Re2 Qf6 39. Qb3 Qf5 40. Kg2 Ne6
41. Bg4 Qg6 42. f4 f5 43. Bf3 Nxf4+ 44. Kh2 Nxe2 45. Bxd5+ Kh7 0-1

[Event "Frankfurt Ch A 2017"]
[Site "Ffm-Höchst, BiKuZ"]
[Date "2017.05.02"]
[Round "2.54"]
[White "Ackermann, Robert"]
[Black "Masoudi, Kian"]
[Result "0-1"]
[WhiteElo "1683"]
[BlackElo "1403"]
[PlyCount "94"]
[EventDate "2017.??.??"]
[WhiteTeam "SC Bad Soden"]
[BlackTeam "SC Bergen-Enkheim"]

1. d4 d5 2. Nf3 Nf6 3. Bf4 Bg4 4. e3 e6 5. Be2 Bd6 6. Bxd6 Qxd6 7. O-O Nbd7 8.
Nbd2 c5 9. dxc5 Nxc5 10. Nc4 Qc7 11. Nce5 Bxf3 12. Nxf3 O-O 13. c4 Rad8 14. Qc2
Na6 15. Rfc1 Rc8 16. Qd1 dxc4 17. Bxc4 Qb6 18. Qe2 Nb4 19. a3 Nc6 20. b4 a6 21.
Rc2 Ne4 22. Rac1 Nd6 23. Bd3 Na7 24. Ne5 Rxc2 25. Rxc2 Rd8 26. Qh5 h6 27. g4
Nc6 28. Nf3 Ne8 29. g5 Rxd3 30. gxh6 Nf6 31. Qh4 Qb5 32. hxg7 Kxg7 33. Rc5 Rd1+
34. Kg2 Qf1+ 35. Kg3 Rd5 36. Rxd5 Nxd5 37. Qg5+ Kf8 38. Qh6+ Ke8 39. Qh8+ Ke7
40. Qh4+ Nf6 41. Qg5 Qa1 42. Qc5+ Ke8 43. Qb6 Ne4+ 44. Kf4 Nd6 45. Qc5 Qf6+ 46.
Kg4 Qg6+ 47. Kh3 f5 0-1

[Event "Frankfurt Ch A 2017"]
[Site "Ffm-Höchst, BiKuZ"]
[Date "2017.05.02"]
[Round "2.55"]
[White "Stulken, Dietmar"]
[Black "Zeyen, Helmut"]
[Result "0-1"]
[WhiteElo "1358"]
[BlackElo "1682"]
[PlyCount "100"]
[EventDate "2017.??.??"]
[WhiteTeam "SF Frankfurt"]
[BlackTeam "Wiesbadener SV"]

1. e4 d5 2. exd5 Nf6 3. d4 Qxd5 4. c4 Qe4+ 5. Ne2 c6 6. Nbc3 Qf5 7. Ng3 Qa5 8.
Be2 e6 9. O-O Be7 10. Be3 Nbd7 11. a3 O-O 12. c5 Nd5 13. Nxd5 exd5 14. b4 Qc7
15. Nf5 Nf6 16. Nxe7+ Qxe7 17. Bf4 Qd8 18. Bg5 h6 19. Bf4 Bf5 20. f3 Re8 21.
Re1 Qd7 22. Be5 Re6 23. Qd2 Rae8 24. Bd3 Bxd3 25. Qxd3 Nh7 26. Qd2 Qe7 27. Kf1
Qh4 28. Bg3 Qh5 29. Rxe6 Rxe6 30. Re1 Qf5 31. Rxe6 fxe6 32. Qe2 Nf6 33. Kg1 Kf7
34. Qe5 Qb1+ 35. Qe1 Qd3 36. Qa1 g5 37. Bf2 Nd7 38. Qc1 e5 39. dxe5 Nxe5 40.
Qe3 Qd1+ 41. Qe1 Qxe1+ 42. Bxe1 Nc4 43. a4 Nb2 44. a5 d4 45. Kf1 Ke6 46. Ke2
Kd5 47. Kd2 Nc4+ 48. Kd3 Ne5+ 49. Kc2 Kc4 50. Kb2 Nd3+ 0-1

[Event "Frankfurt Ch A 2017"]
[Site "Ffm-Höchst, BiKuZ"]
[Date "2017.05.02"]
[Round "2.56"]
[White "John, Volkmar"]
[Black "Lessmann, Sven"]
[Result "1-0"]
[WhiteElo "1673"]
[BlackElo "1398"]
[PlyCount "53"]
[EventDate "2017.??.??"]
[WhiteTeam "SK Herborn"]
[BlackTeam "SC Bad Soden"]

1. e4 d6 2. d4 Nf6 3. Nc3 g6 4. Be3 Bg7 5. Qd2 O-O 6. f3 c6 7. Bh6 Qc7 8. h4 e5
9. Bxg7 Kxg7 10. O-O-O b5 11. dxe5 dxe5 12. h5 b4 13. Nce2 Be6 14. hxg6 fxg6
15. Qxb4 Bxa2 16. b3 Na6 17. Qa3 Bxb3 18. cxb3 Qb7 19. Nc3 Nb4 20. Bc4 a5 21.
Nge2 Qb6 22. Qb2 Rfd8 23. Kb1 Ne8 24. Na4 Qc7 25. Nc5 Rxd1+ 26. Rxd1 Qe7 27.
Rd7 1-0

[Event "Frankfurt Ch A 2017"]
[Site "Ffm-Höchst, BiKuZ"]
[Date "2017.05.02"]
[Round "2.58"]
[White "Hedrich, Gerd"]
[Black "Bergmann, Michael"]
[Result "0-1"]
[WhiteElo "1443"]
[BlackElo "1666"]
[PlyCount "62"]
[EventDate "2017.??.??"]
[WhiteTeam "Wiesbadener SV"]
[BlackTeam "SF Frankfurt"]

1. Nf3 Nf6 2. c4 e6 3. Nc3 b6 4. g3 Bb7 5. Bg2 Be7 6. O-O O-O 7. d3 d6 8. Qc2
c5 9. Re1 Re8 10. b3 Nbd7 11. e4 e5 12. Nd5 Nxd5 13. exd5 Nf8 14. Bh3 Bc8 15.
Bxc8 Rxc8 16. h4 h6 17. Kg2 Nh7 18. Rh1 Rf8 19. Be3 f5 20. Qd2 Qd7 21. Nh2 Bf6
22. Rag1 a5 23. a4 Rce8 24. f3 Rf7 25. Kf1 Qe7 26. Bf2 e4 27. fxe4 fxe4 28. Ng4
Bd4 29. Ne3 exd3 30. Kg2 Bxe3 31. Bxe3 Qxe3 0-1

[Event "Frankfurt Ch B 2017"]
[Site "Ffm-Höchst, BiKuZ"]
[Date "2017.05.02"]
[Round "2.1"]
[White "Bär, Christian"]
[Black "Grünzig, Matthias"]
[Result "1-0"]
[WhiteElo "1469"]
[BlackElo "1312"]
[PlyCount "27"]
[EventDate "2017.??.??"]
[WhiteTeam "SC Steinbach"]
[BlackTeam "FV Berkersheim"]

1. d4 d5 2. c4 e6 3. e3 Nf6 4. Nf3 Nbd7 5. Nc3 g6 6. Bd3 Bg7 7. O-O c6 8. b3
O-O 9. Bb2 Qc7 10. Rc1 Re8 11. Ba3 Nb6 12. cxd5 exd5 13. Nb5 Qb8 14. Bd6 1-0

[Event "Frankfurt Ch B 2017"]
[Site "Ffm-Höchst, BiKuZ"]
[Date "2017.05.02"]
[Round "2.2"]
[White "Dröser, Wolfgang"]
[Black "Goodwin, David"]
[Result "1/2-1/2"]
[WhiteElo "1311"]
[BlackElo "1456"]
[PlyCount "39"]
[EventDate "2017.??.??"]
[WhiteTeam "SC Sulzbach"]
[BlackTeam "SV Kelsterbach"]

1. f4 g6 2. Nf3 Bg7 3. e3 d6 4. d3 Nf6 5. Be2 Nbd7 6. O-O c5 7. c4 a6 8. Nc3
O-O 9. Qe1 h6 10. a4 b6 11. h3 Bb7 12. e4 Ne8 13. Bd1 f5 14. exf5 Rxf5 15. g4
Rf8 16. Nh4 Kh7 17. Kh2 e5 18. f5 g5 19. Ng6 Rf6 20. h4 1/2-1/2

[Event "Frankfurt Ch B 2017"]
[Site "Ffm-Höchst, BiKuZ"]
[Date "2017.05.02"]
[Round "2.3"]
[White "Björknes, Uwe"]
[Black "Winter, Thomas"]
[Result "1-0"]
[WhiteElo "1450"]
[BlackElo "1303"]
[PlyCount "51"]
[EventDate "2017.??.??"]
[WhiteTeam "SC Bergen-Enkheim"]
[BlackTeam "SV Oberursel"]

1. c4 d6 2. d4 Nf6 3. Nf3 g6 4. Nc3 Bg7 5. Bg5 Nbd7 6. e3 O-O 7. Be2 c6 8. O-O
Re8 9. Qc2 Qc7 10. Rac1 e5 11. b4 a5 12. a3 exd4 13. exd4 Nb6 14. Bd3 Be6 15.
Bxf6 Bxf6 16. Ne4 Bg7 17. Qd2 Bg4 18. bxa5 Nd7 19. Qf4 Bf5 20. c5 Qxa5 21. Nxd6
Bxd3 22. Qxf7+ Kh8 23. Nxe8 Bh6 24. Ng5 Nf8 25. Nf6 Bxg5 26. Qg8# 1-0

[Event "Frankfurt Ch B 2017"]
[Site "Ffm-Höchst, BiKuZ"]
[Date "2017.05.02"]
[Round "2.4"]
[White "Schäfer, Dieter"]
[Black "Gade, Bernt"]
[Result "0-1"]
[WhiteElo "1294"]
[BlackElo "1447"]
[PlyCount "54"]
[EventDate "2017.??.??"]
[WhiteTeam "SV Ffm-Griesheim"]
[BlackTeam "FV Berkersheim"]

1. d4 f5 2. Nf3 Nf6 3. b3 e6 4. Bb2 d5 5. h3 Bd6 6. e3 O-O 7. Bd3 Ne4 8. Bxe4
fxe4 9. Ne5 Nd7 10. Nd2 Qf6 11. Rf1 Nxe5 12. dxe5 Bxe5 13. Bxe5 Qxe5 14. f4
exf3 15. Rxf3 Rxf3 16. gxf3 Qxe3+ 17. Qe2 Qxe2+ 18. Kxe2 e5 19. h4 Bf5 20. c4
d4 21. Rf1 Re8 22. Ne4 Bxe4 23. fxe4 Rf8 24. Rxf8+ Kxf8 25. a4 c5 26. a5 Kf7
27. Kf3 Kg6 0-1

[Event "Frankfurt Ch B 2017"]
[Site "Ffm-Höchst, BiKuZ"]
[Date "2017.05.02"]
[Round "2.5"]
[White "Kiel, Gerhard"]
[Black "Ullrich, Lars"]
[Result "1/2-1/2"]
[WhiteElo "1441"]
[BlackElo "1246"]
[PlyCount "74"]
[EventDate "2017.??.??"]
[WhiteTeam "vereinslos"]
[BlackTeam "SC Ehrenberg"]

1. d4 d5 2. Nf3 Nf6 3. Nc3 e6 4. Bf4 c5 5. e3 Nc6 6. Nb5 Be7 7. Nc7+ Kf8 8.
Nxa8 Bd6 9. Bxd6+ Qxd6 10. dxc5 Qxc5 11. c3 Qd6 12. Nb6 axb6 13. Qa4 Ke7 14.
Qa3 Bd7 15. Qxd6+ Kxd6 16. O-O-O Ne4 17. Be2 Nxf2 18. Rhf1 Nxd1 19. Bxd1 h6 20.
Nd4 Ne5 21. Be2 Ke7 22. h3 Rc8 23. Rf4 g5 24. Rf1 Nc4 25. Bxc4 Rxc4 26. Kd2 b5
27. b4 e5 28. Nb3 f6 29. e4 Rxe4 30. Nc5 Rf4 31. Rxf4 gxf4 32. Nxb7 e4 33. Nc5
Kd6 34. Ke2 Be6 35. a3 f5 36. Nb3 Bf7 37. Nd4 Be8 1/2-1/2

[Event "Frankfurt Ch B 2017"]
[Site "Ffm-Höchst, BiKuZ"]
[Date "2017.05.02"]
[Round "2.6"]
[White "Mook, Karl-Jürgen"]
[Black "Mayer, Andreas"]
[Result "0-1"]
[WhiteElo "1262"]
[BlackElo "1434"]
[PlyCount "100"]
[EventDate "2017.??.??"]
[WhiteTeam "SC Sulzbach"]
[BlackTeam "SF Frankfurt"]

1. e4 d5 2. exd5 Qxd5 3. Nf3 Bg4 4. Be2 e5 5. d3 Nc6 6. Nc3 Bb4 7. Bd2 Bxc3 8.
Bxc3 O-O-O 9. O-O f6 10. Nd2 Bxe2 11. Qxe2 h5 12. Qe4 Qd7 13. Qa4 Nge7 14. Ne4
Qg4 15. Qb3 h4 16. Nc5 b6 17. Qe6+ Qxe6 18. Nxe6 Rdg8 19. Rfe1 Kd7 20. Rad1
Kxe6 21. d4 Kf7 22. dxe5 Rd8 23. exf6 Rxd1 24. Rxd1 gxf6 25. Kf1 Rd8 26. Ke2
Rxd1 27. Kxd1 Nd5 28. Bd2 Ne5 29. h3 Nc4 30. Bc3 Nxc3+ 31. bxc3 Ke6 32. Ke2 Ne5
33. g3 hxg3 34. fxg3 Kf5 35. Ke3 c5 36. Kf2 Ke4 37. Ke2 Kd5 38. Ke3 Kc4 39. Kf4
Kxc3 40. Kf5 Kxc2 41. h4 Kd3 42. h5 c4 43. g4 c3 44. g5 c2 45. g6 c1=Q 46. Kxf6
Qf4+ 47. Kg7 Ng4 48. Kg8 Nf6+ 49. Kg7 Nxh5+ 50. Kg8 Qf6 0-1

[Event "Frankfurt Ch B 2017"]
[Site "Ffm-Höchst, BiKuZ"]
[Date "2017.05.02"]
[Round "2.7"]
[White "Both, Günter"]
[Black "Giebitz, Walter"]
[Result "1-0"]
[WhiteElo "1427"]
[BlackElo "1212"]
[PlyCount "21"]
[EventDate "2017.??.??"]
[WhiteTeam "SK Bischofsheim"]
[BlackTeam "SC Steinbach"]

1. e4 e5 2. Nf3 d6 3. d4 f5 4. Nc3 fxe4 5. Nxe4 Bf5 6. Ng3 Bg4 7. dxe5 Bxf3 8.
Qxf3 c6 9. exd6 Bxd6 10. Bc4 Nd7 11. Qf7# 1-0

[Event "Frankfurt Ch B 2017"]
[Site "Ffm-Höchst, BiKuZ"]
[Date "2017.05.02"]
[Round "2.8"]
[White "Manasek, Martin"]
[Black "Wundram, Till"]
[Result "1-0"]
[WhiteElo "1362"]
[BlackElo "917"]
[PlyCount "77"]
[EventDate "2017.??.??"]
[WhiteTeam "Bad Vilbeler Sfr"]
[BlackTeam "vereinslos"]

1. d4 d5 2. c4 e6 3. Nc3 Bb4 4. Nf3 Nf6 5. Bg5 Nbd7 6. e3 h6 7. Bxf6 Nxf6 8.
Rc1 c6 9. Bd3 b6 10. cxd5 Nxd5 11. O-O b5 12. Nxd5 exd5 13. Rxc6 Bb7 14. Rc1
O-O 15. Bxb5 Qa5 16. a4 a6 17. Be2 Qb6 18. Ne5 Bd6 19. Nd7 Qd8 20. Nxf8 Kxf8
21. Bf3 Qh4 22. g3 Qg5 23. Qe2 a5 24. Qd1 g6 25. h4 Qf6 26. Be2 Qf5 27. Bd3 Qh3
28. Qf3 Kg7 29. Qg2 Qe6 30. Bb5 Rc8 31. Kh2 h5 32. Qh3 f5 33. Qg2 Qe7 34. Rxc8
Bxc8 35. Qxd5 Qxh4+ 36. Kg2 Qf6 37. Rc1 Be6 38. Qxd6 h4 39. Qe5 1-0

[Event "Frankfurt Ch B 2017"]
[Site "Ffm-Höchst, BiKuZ"]
[Date "2017.05.02"]
[Round "2.11"]
[White "Misevich, Saveliy"]
[Black "Brunner, Andreas"]
[Result "1/2-1/2"]
[WhiteElo "1114"]
[BlackElo "1353"]
[PlyCount "70"]
[EventDate "2017.??.??"]
[WhiteTeam "SC Frankfurt-West"]
[BlackTeam "FV Berkersheim"]

1. e4 e5 2. Nf3 Nc6 3. Bc4 Bc5 4. c3 Nf6 5. d3 O-O 6. O-O d6 7. Nbd2 Na5 8. b4
Nxc4 9. Nxc4 Bb6 10. Bg5 Bg4 11. h3 Bd7 12. Re1 h6 13. Bh4 g5 14. Bg3 Nh5 15.
Kh1 f6 16. Nh2 Qe8 17. Ng4 Qg6 18. Nge3 Rf7 19. Nd5 Kh7 20. Rf1 f5 21. Ndxb6
axb6 22. Nd2 f4 23. Bh2 Rg8 24. Rg1 g4 25. hxg4 Bxg4 26. f3 Ng3+ 27. Bxg3 fxg3
28. fxg4 Rf4 29. Re1 Rxg4 30. Nf3 Rf8 31. Ng1 Rff4 32. Qe2 Rh4+ 33. Nh3 Qe6 34.
Kg1 Rfg4 35. Qf3 Qe7 1/2-1/2

[Event "Frankfurt Ch B 2017"]
[Site "Ffm-Höchst, BiKuZ"]
[Date "2017.05.02"]
[Round "2.12"]
[White "Bakiev, Diyor"]
[Black "Wöhl, Torsten"]
[Result "1-0"]
[WhiteElo "1077"]
[BlackElo "1338"]
[PlyCount "101"]
[EventDate "2017.??.??"]
[WhiteTeam "SV Ffm-Griesheim"]
[BlackTeam "SC Groß-Zimmern"]

1. e4 e6 2. d4 d5 3. e5 Ne7 4. Nf3 Ng6 5. Be3 b6 6. Be2 Bb7 7. O-O c5 8. c3 Be7
9. b3 O-O 10. Qc2 Nd7 11. Rd1 Rc8 12. Qd2 Nh4 13. Nxh4 Bxh4 14. a3 Be7 15. Ra2
f5 16. f4 cxd4 17. cxd4 Nb8 18. Nc3 Ba6 19. Bxa6 Nxa6 20. Qd3 Nc7 21. Rc1 a6
22. Qe2 Nb5 23. Nxb5 axb5 24. Qxb5 Rxc1+ 25. Bxc1 Qc7 26. Bd2 Ra8 27. a4 h6 28.
Qd3 Qd7 29. Rc2 Qe8 30. Qe2 Rb8 31. Rb2 b5 32. a5 b4 33. Ra2 Qc6 34. a6 Qb6 35.
Qd3 Rc8 36. a7 Ra8 37. Ra6 Qb7 38. Rxe6 Qxa7 39. Kf2 Qd7 40. Rg6 Ra2 41. Ke1
Qc8 42. Qb1 Qa8 43. Qxf5 Rb2 44. e6 Qa1+ 45. Ke2 Rxd2+ 46. Kxd2 Qxd4+ 47. Ke2
Qb2+ 48. Kf3 Qxb3+ 49. Kg4 Qd1+ 50. Kh3 Qb3+ 51. Rg3 1-0